01085nam a2200325 a 4500008004100000020001800041041000800059245004500067250001100112260005600123300001100179500011100190653002600301653002100327653001900348653002700367653003700394653002000431653004100451653001200492653002200504653004700526653005700573653002000630653001400650700002100664700002700685700002600712700002100738120604s2009 ag ||||f |||| 00| 0 spa d a9789871573011 aspa aToxicología Forense /cOscar A. Locani a1a ed. aBuenos Aires:bDosyuna Ediciones Argentinas;c2009. a399 p. aLocani, O. A. et al. (2009). Toxicología forense. (1a ed.). Buenos Aires : Dosyuna Ediciones Argentinas. aToxicología Forense aMedicina Forense aCriminalistica aAccion de los Farmacos aFarmacocinetica y Toxicocinetica aLugar del Hecho aSistematica Analitica Toxicológica aVenenos aVenenos Metalicos aHidroarsenicismo Cronico Regional Endemico aInvestigacion de Toxicos y/o Venenos organicos fijos aDrogas de Abuso aPracticos1 aLocani, Oscar A.1 aJorge Ramires, Marcela1 aSantos, María Laura1 aSilva, Alejandro